[Event "Hawaii op"]
[Site "Honolulu"]
[Date "1996.??.??"]
[Round "9"]
[White "Kaiser, Thomas"]
[Black "Benjamin, Joel"]
[Result "1/2-1/2"]
[WhiteElo "2275"]
[BlackElo "2570"]
[PlyCount "100"]
[EventDate "1996.??.??"]
[EventType "swiss"]
[EventRounds "10"]
[EventCountry "USA"]
[SourceTitle "EXT 2001"]
[Source "ChessBase"]
[SourceDate "2000.11.22"]
[SourceVersion "1"]
[SourceVersionDate "2000.11.22"]
[SourceQuality "1"]

1. d4 d6 2. Nf3 Bg4 3. c4 Nd7 4. Qb3 Rb8 5. Bg5 c6 6. Nc3 Ngf6 7. e3 Qa5 8. Bf4 e5 9. Bg3 Ne4 10. Bd3 Nxc3 11. Qxc3 Qxc3+ 12. bxc3 f6 13. Nd2 Be7 14. a4 0-0 15. h3 Be6 16. e4 c5 17. Ke2 Rfe8 18. d5 Bf7 19. Bh2 Bd8 20. g3 Ba5 21. Rhc1 Rf8 22. Rab1 Be8 23. f4 Bc7 24. f5 Nb6 25. Bc2 g6 26. g4 h5 27. Bg1 hxg4 28. hxg4 Kg7 29. Bf2 Rh8 30. Bg3 Bd7 31. Kf3 a5 32. Ra1 Kf7 33. Rg1 Rbg8 34. Rg2 Rh7 35. Rh2 Rxh2 36. Bxh2 Rh8 37. Bg3 Ke7 38. Kg2 Rg8 39. Kf3 Rg7 40. Bb3 Kd8 41. Nf1 g5 42. Ne3 Rh7 43. Kg2 Ke7 44. Bf2 Rh8 45. Bg3 Kf7 46. Bf2 Ra8 47. Bg3 Ra6 48. Ra3 Nc8 49. Nd1 Rb6 50. Nb2 Bd8 1/2-1/2